000 00699nab a2200181 4500
999 _c372401
_d372401
001 90031
003 OSt
005 20230427130244.0
007 tu
008 110905s2000|||||||
040 _aDE-2950
_cDE-2950
245 0 0 _a"Tief erschüttert und fassungslos".
_bGedenken. Nach dem plötzlichen Tod von Jörg Schröder ist die Trauer im Fußball in Ostbrandenburg groß. Der ex-Trainer und Team-Manager von Victoria Seelow war am Sonnabend verstorben /
_cHubertus Rößler
264 _c2023
653 _aSchröder, Jörg; Fußballtrainer, Bürgermeister / Seelow
653 _aNachruf
773 0 _g34. Jahrgang (2023) Nr. 93, 21.04.2023, S. 21: mit Foto
_tMärkische Oderzeitung
942 _2z
_cA